00530nam a2200181Ia 4500003000900000008004100009040001600050080001200066100002300078245004000101260003500141300001600176650002000192650001900212942000700231999001500238952009500253IN-BaIIA211028s9999 xx 000 0 eng d cIIA Library a51bSUT aSutton, O. G93192 0aMathematics in actioncO. G. Sutton aLondonbG. Bell and Sonsc1954 aviii, 226p. aMathematics982 aNASA thesaurus cBK c1588d1588 00104070aBANbBANcGENd0000-00-00l0o51/ SUTp1738r2021-11-05w0000-00-00yBK 21.00